000 00398nam a2200169Ia 4500
001 5871
003 IN-NITTTR
005 20251114233013.0
008 251113s9999||||xx |||||||||||||| ||eng||
040 _beng
040 _cIN-NITTTR
041 _aeng
082 _a375 A75S
245 4 _aThe subject curriculum :
_b grades K-12 /
_cAlpren, Morton, ed
700 _aAlpren, Morton
942 _2ddc
_cBK
999 _c8508
_d8508